| 000 | 00540nam a2200193 a 4500 | ||
|---|---|---|---|
| 005 | 20140310183334.0 | ||
| 008 | 060908s19uu xx 00 eng d | ||
| 020 | _a0471656232 | ||
| 050 |
_aRC 454 _b.G455 2006 |
||
| 100 | _aGetzfeld, Andrew R. | ||
| 245 |
_aEssentials of abnormal psychology. / _cAndrew R. Getzfeld |
||
| 260 |
_aNew Jersey : _bJohn Wiley & Sons, Inc, _c2006. |
||
| 300 |
_a274 p. : _c22 cm. |
||
| 521 | _aPSYCH | ||
| 650 | _aPsychology, Pathological. | ||
| 942 |
_cBK _2lcc _kFOR |
||
| 999 |
_c21651 _d21651 |
||